| 000 | 01795nam a22002897a 4500 | ||
|---|---|---|---|
| 003 | PE SENCICO BE | ||
| 005 | 20260424154525.0 | ||
| 008 | 260424b |||||||| |||| 00| 0 eng d | ||
| 017 | _22007-01875 | ||
| 020 | _a978-9972-04-124-2 | ||
| 040 |
_aPE SENCICO BE _cPE SENCICO BE |
||
| 041 | _aspa | ||
| 082 |
_a352.48 _bA45 |
||
| 100 | 1 |
_aÁlvarez Illanes, Juan Francisco _9666 _eautor |
|
| 245 | 1 |
_aPresupuesto público : _bproceso presupuestario y la auditoría al proceso presupuestario / _cJuan Francisco Álvarez Illanes |
|
| 250 | _a[1a ed.] | ||
| 260 |
_aLima : _bJurídica Grijley E.I.R.L. ; _c2007 |
||
| 300 |
_a899 páginas : _c24.5 cm. |
||
| 505 | 0 | _aSistema nacional de presupuesto – Fases o etapas del proceso presupuestario -- Programación presupuestaria – Etapas de la ejecución presupuestaria – Control presupuestal – Planeamiento estratégico – Presupuesto participativo – Recursos financieros y aplicación -- Sistema de contabilidad aplicado al proceso presupuestario – Estados presupuestarios dinámicos y formulación – Auditoría al proceso presupuestario – Casuística de ejecución presupuestaria. | |
| 520 | 3 | _aExplica la formulación, aprobación y ejecución del presupuesto público, y el proceso de complejas interacciones, acuerdos y transacciones entre la planificación, la ejecución de los recursos públicos y las personas que manejan, gestionan y controlan dichos recursos. Expone de manera didáctica los aspectos doctrinarios, normativos y prácticos que orientan al mejor entendimiento del presupuesto público. | |
| 650 | 1 | 0 |
_aPresupuesto público _9667 |
| 650 | 2 | 0 |
_aAdministración pública _9668 |
| 650 | 2 | 0 |
_aControl de presupuestos _9669 |
| 650 | 2 | 0 |
_aAuditoría _9670 |
| 910 | _ahfp | ||
| 942 |
_2ddc _cLIB |
||
| 999 |
_c9895 _d9895 |
||